000 00730cam a2200181 i 4500
005 20251228094938.0
008 250721s2017 JO gr 000 0 ara d
082 1 4 _a218.6
_bع ث م
100 1 _aعثمان، محمد أمين حسن
_eمؤلف.
245 1 0 _aالحسام المبين في رد الشبهات عن دين الله عزوجل وعن النبي صلى عليه وسلم /
_cمحمد امين حسين عثمان.
250 _aالطبعه الاولى.
264 3 1 _aعمان :
_bدار شهرزاد للنشر والتوزيع،
_c2017.
300 _a386 صفحه.
650 1 7 _aالاسلام.
650 1 7 _aدفع المطاعن عن الاسلام.
942 _2ddc
_cBK
999 _c137320
_d137320